[Event "Wiesbaden op 31st"]
[Site "Wiesbaden"]
[Date "2019.08.25"]
[Round "6"]
[White "Tepe, Josef"]
[Black "Ziegler, Joerg"]
[Result "1-0"]
[WhiteElo "2044"]
[BlackElo "1726"]
[PlyCount "39"]
[EventDate "2019.08.22"]
[EventType "swiss"]
[EventRounds "7"]
[EventCountry "GER"]
[SourceTitle "EXT 2020"]
[Source "ChessBase"]
[SourceDate "2019.10.17"]
[SourceVersion "1"]
[SourceVersionDate "2019.10.17"]
[SourceQuality "1"]

1. d4 d5 2. Nf3 c6 3. e3 Nf6 4. Bd3 Nbd7 5. 0-0 e6 6. Ne5 Be7 7. Nd2 Qc7 8. f4 c5 9. c3 b6 10. Qf3 Bb7 11. g4 c4 12. Bc2 b5 13. g5 Ng8 14. h4 g6 15. e4 Nb6 16. b3 Bd6 17. a4 bxa4 18. bxc4 Ne7 19. c5 Bxe5 20. fxe5 1-0

[Event "Wiesbaden op 31st"]
[Site "Wiesbaden"]
[Date "2019.08.24"]
[Round "5"]
[White "Ziegler, Joerg"]
[Black "Hagner, Bennet"]
[Result "1/2-1/2"]
[WhiteElo "1726"]
[BlackElo "1847"]
[PlyCount "74"]
[EventDate "2019.08.22"]
[EventType "swiss"]
[EventRounds "7"]
[EventCountry "GER"]
[SourceTitle "EXT 2020"]
[Source "ChessBase"]
[SourceDate "2019.10.17"]
[SourceVersion "1"]
[SourceVersionDate "2019.10.17"]
[SourceQuality "1"]

1. e4 e5 2. Nf3 Nc6 3. Bb5 a6 4. Ba4 Nf6 5. d3 b5 6. Bb3 Be7 7. c3 d6 8. h3 0-0 9. 0-0 Na5 10. Bc2 c5 11. Re1 Re8 12. Nbd2 Bf8 13. Nf1 Bb7 14. Ng3 g6 15. Bg5 h6 16. Be3 Bg7 17. Qd2 Kh7 18. a3 c4 19. d4 exd4 20. Bxd4 d5 21. exd5 Qxd5 22. Rad1 Rxe1+ 23. Rxe1 Re8 24. Rxe8 Nxe8 25. Qe3 Bxd4 26. Qxd4 Qxd4 27. Nxd4 Nc6 28. Be4 Nxd4 29. Bxb7 Nb3 30. Bc6 Nd6 31. Ne4 Nxe4 32. Bxe4 Nc5 33. Bc2 Kg7 34. Kf1 Kf6 35. Ke2 Ke5 36. Ke3 g5 37. g3 f6 1/2-1/2

[Event "Wiesbaden op 30th"]
[Site "Wiesbaden"]
[Date "2018.08.25"]
[Round "4"]
[White "Ziegler, Joerg"]
[Black "Roth, Michael"]
[Result "1-0"]
[WhiteElo "1744"]
[BlackElo "1522"]
[PlyCount "91"]
[EventDate "2018.08.23"]
[EventType "swiss"]
[EventRounds "7"]
[EventCountry "GER"]
[SourceTitle "CBM 186 Extra"]
[Source "ChessBase"]
[SourceDate "2018.08.24"]
[SourceVersion "1"]
[SourceVersionDate "2018.08.24"]
[SourceQuality "1"]

1. e4 e5 2. Nf3 Bc5 3. Bb5 c6 4. Bc4 d5 5. exd5 cxd5 6. Bb5+ Bd7 7. Bxd7+ Nxd7 8. 0-0 e4 9. Ne1 Qc7 10. Nc3 Ngf6 11. d3 0-0-0 12. Bg5 h5 13. g3 Ng4 14. Bxd8 Rxd8 15. Nxd5 Qe5 16. Nf4 Ndf6 17. Qe2 h4 18. dxe4 g5 19. Nfd3 Qc7 20. Nxc5 Qxc5 21. Nd3 Qf8 22. e5 Re8 23. Qf3 Nxh2 24. Kxh2 Nd7 25. Rae1 Qh6 26. Kg2 Rg8 27. Qg4 Rh8 28. Nc5 Qc6+ 29. Ne4 Kb8 30. Qf5 Qb5 31. Nd6 Qd5+ 32. Qe4 Qc6 33. Qxc6 bxc6 34. Nxf7 h3+ 35. Kh2 Rh7 36. e6 Nf6 37. f3 g4 38. f4 Kb7 39. f5 Rg7 40. c4 Rg8 41. c5 Rb8 42. Rf2 Nd5 43. e7 Re8 44. f6 Nb4 45. Rd1 Nd5 46. Nd6+ 1-0

[Event "Wiesbaden op 29th"]
[Site "Wiesbaden"]
[Date "2017.08.27"]
[Round "6"]
[White "Ziegler, Joerg"]
[Black "Launert, Martin"]
[Result "0-1"]
[WhiteElo "1724"]
[BlackElo "1894"]
[PlyCount "132"]
[EventDate "2017.08.24"]
[EventType "swiss"]
[EventRounds "7"]
[EventCountry "GER"]
[SourceTitle "CBM 180 Extra"]
[Source "ChessBase"]
[SourceDate "2017.10.06"]
[SourceVersion "1"]
[SourceVersionDate "2017.10.06"]
[SourceQuality "1"]

1. e4 e5 2. Nf3 Nc6 3. Bb5 a6 4. Ba4 Nf6 5. d3 b5 6. Bb3 Be7 7. c3 d6 8. h3 0-0 9. 0-0 Na5 10. Bc2 c5 11. Re1 Nc6 12. Nbd2 Qc7 13. Nf1 Re8 14. Ng3 h6 15. Bd2 Be6 16. a3 a5 17. Nh2 d5 18. exd5 Nxd5 19. c4 bxc4 20. dxc4 Nf6 21. b3 Nd4 22. Nf3 Nxc2 23. Qxc2 Nd7 24. Bc3 f6 25. Qg6 Nf8 26. Qc2 Bf7 27. Rad1 Bg6 28. Qb2 Red8 29. Nh4 Bh7 30. Nhf5 Rxd1 31. Rxd1 Kf7 32. Rd5 Ne6 33. Nxe7 Qxe7 34. Qd2 Nd4 35. b4 axb4 36. axb4 Rd8 37. Rxd8 Qxd8 38. b5 Ke6 39. f3 f5 40. Qa2 Qb8 41. Qa6+ Kd7 42. Kf2 e4 43. Nh5 e3+ 44. Kg1 Ne2+ 45. Kf1 Nxc3 46. Qc6+ Kd8 47. Qxc5 Bg6 48. Qd4+ Kc8 49. Nf4 Bf7 50. Ne2 Nxe2 51. Kxe2 Qc7 52. c5 Qd7 53. Qxd7+ Kxd7 54. Kxe3 Bc4 55. Kf4 Bxb5 56. Kxf5 Bd3+ 57. Ke5 Bf1 58. g3 Bxh3 59. f4 Bg4 60. f5 h5 61. Kf4 Kc6 62. Kg5 Kxc5 63. Kg6 Kd5 64. Kxg7 Bxf5 65. Kh6 Bg4 66. Kg5 Ke4 0-1

[Event "Wiesbaden op 29th"]
[Site "Wiesbaden"]
[Date "2017.08.26"]
[Round "5"]
[White "Lehnert, Michael"]
[Black "Ziegler, Joerg"]
[Result "1/2-1/2"]
[WhiteElo "1918"]
[BlackElo "1724"]
[PlyCount "55"]
[EventDate "2017.08.24"]
[EventType "swiss"]
[EventRounds "7"]
[EventCountry "GER"]
[SourceTitle "CBM 180 Extra"]
[Source "ChessBase"]
[SourceDate "2017.10.06"]
[SourceVersion "1"]
[SourceVersionDate "2017.10.06"]
[SourceQuality "1"]

1. Nf3 Nf6 2. b3 g6 3. Bb2 Bg7 4. g3 0-0 5. Bg2 c6 6. 0-0 d6 7. d4 Re8 8. Nbd2 Nbd7 9. e4 Qc7 10. h3 e5 11. dxe5 Nxe5 12. Nxe5 dxe5 13. Qe2 Be6 14. c4 Rad8 15. Nf3 Nd7 16. Ng5 Nf8 17. f4 h6 18. Nxe6 Nxe6 19. f5 Nd4 20. Bxd4 exd4 21. fxg6 fxg6 22. Qg4 Kh7 23. h4 Re7 24. h5 gxh5 25. Qxh5 Qxg3 26. Rf3 Qg6 27. Qh3 Be5 28. Qf5 1/2-1/2

[Event "Wiesbaden op 29th"]
[Site "Wiesbaden"]
[Date "2017.08.25"]
[Round "2"]
[White "Herrmann, Gerhard"]
[Black "Ziegler, Joerg"]
[Result "0-1"]
[WhiteElo "1293"]
[BlackElo "1724"]
[PlyCount "56"]
[EventDate "2017.08.24"]
[EventType "swiss"]
[EventRounds "7"]
[EventCountry "GER"]
[SourceTitle "CBM 180 Extra"]
[Source "ChessBase"]
[SourceDate "2017.10.06"]
[SourceVersion "1"]
[SourceVersionDate "2017.10.06"]
[SourceQuality "1"]

1. e4 c5 2. Nf3 d6 3. Bc4 e6 4. 0-0 Nf6 5. Re1 Nc6 6. c3 Be7 7. d4 cxd4 8. cxd4 0-0 9. Nc3 a6 10. Be3 Qc7 11. d5 Ne5 12. Nxe5 dxe5 13. Bb3 b5 14. Rc1 Qa5 15. Bd2 Qb6 16. Be3 Qd8 17. a3 Ne8 18. dxe6 Bxe6 19. Bxe6 fxe6 20. b4 Nd6 21. f3 Nc4 22. Nb1 Nxe3 23. Rxe3 Bg5 24. Rd3 Qb6+ 25. Rc5 Be7 26. Rdc3 Rad8 27. Qc2 Rd4 28. Rc6 Rd1# 0-1

[Event "Rhein Main op 13th"]
[Site "Bad Homburg"]
[Date "2010.06.06"]
[Round "7"]
[White "Ziegler, Joerg"]
[Black "Schindele, Andreas"]
[Result "0-1"]
[WhiteElo "1683"]
[BlackElo "1935"]
[PlyCount "48"]
[EventDate "2010.06.02"]
[EventType "swiss"]
[EventRounds "7"]
[EventCountry "GER"]
[SourceTitle "EXT 2011"]
[Source "ChessBase"]
[SourceDate "2010.11.26"]
[SourceVersion "1"]
[SourceVersionDate "2010.11.26"]
[SourceQuality "1"]

1. c4 Nf6 2. Nc3 c6 3. e4 d6 4. d4 g6 5. Nf3 Bg7 6. h3 0-0 7. Be3 d5 8. Qc2 dxe4 9. Nxe4 Nbd7 10. Ng3 Qc7 11. Be2 e5 12. 0-0 exd4 13. Nxd4 Nb6 14. Rac1 Re8 15. Rfd1 Rxe3 16. fxe3 Qxg3 17. Bf3 Bxh3 18. Ne2 Qg5 19. Rd3 Bf5 20. e4 Nxe4 21. Rcd1 Nc5 22. Rd8+ Rxd8 23. Rxd8+ Qxd8 24. Qc1 Nd3 0-1